000 00471nam a2200181Ia 4500
001 20214
005 20260306172749.0
008 260306t2000||||xx |||||||||||||| ||spa||
041 _aESP
082 _a343
_bG23
100 _aGarcía Belaúnde, Domingo
_eAUT
245 0 _aDe la jurisdicción constitucional al derecho procesal constitucional
260 _c2000
300 _a118 páginas :
_c23 cm.
650 _aGEN
654 _aCDE
942 _cLIB
_dJUS
_fJUS
_2ddc
_n
999 _c20214
_d20214